| 000 | 00505nam a2200193 i 4500 | ||
|---|---|---|---|
| 001 | 36988 | ||
| 003 | ES-MaACL | ||
| 005 | 20230906155500.0 | ||
| 007 | t| | ||
| 008 | 030219s1968 sp ||||1| spa d | ||
| 100 | 1 |
_aBovis, André de. _931130 |
|
| 245 | 1 | 0 |
_aVivir la fé / _cAndré de Bovis. |
| 260 |
_aMadrid : _bMarova, _c[1968] |
||
| 300 |
_a275 p. ; _c19 cm. |
||
| 490 | 1 | _aEscuela de fé | |
| 830 | 0 |
_aEscuela de fé _9181676 |
|
| 852 |
_aES-MaACL _jC-50968 _bR.65679 |
||
| 999 |
_c36988 _d36988 |
||